La temida reforma agraria
Guardat en:
| Format: | Text |
|---|---|
| Matèries: | |
| Etiquetes: |
Afegir etiqueta
Sense etiquetes, Sigues el primer a etiquetar aquest registre!
|
MARC
| LEADER | 00000 a a2200000 04500 | ||
|---|---|---|---|
| 001 | 45548 | ||
| 003 | |||
| 040 | |||
| 245 | |a La temida reforma agraria | ||
| 500 | |a Antes se llamaba: ALAI SERVICIO MENSUAL DE INFORMACION Y DOCUMENTACION | ||
| 650 | |a ECONOMIA | ||
| 650 | |a AGROINDUSTRIA | ||
| 650 | |a GUATEMALA | ||
| 650 | |a MODELOS AGRONOMIA | ||
| 773 | |g volumen10, número85 ( Noviembre, 1986), Págs. 12-13 | ||
| 999 | |c 24925 |d 24925 | ||
